Ismail Sabri Yaakob: Teraju Keselamatan: Depani Ancaman COVID-19

Bibliographic Details
Main Author: Ruhaidini Abd Kadir Dato' (Author)
Format: Book
Published: Kuala Lumpur : Kementerian Pertahanan Malaysia, 2020
Subjects:
LEADER 00993cam a2200253 i 4500
001 0000150575
005 20260113090000.0
008 260113 20202020my
040 |a KPM  |b eng  |c KPM  |e rda 
090 0 0 |b RUH  |e 2020 
100 1 |a Ruhaidini Abd Kadir  |c Dato'  |e author 
245 1 0 |a Ismail Sabri Yaakob:  |b Teraju Keselamatan: Depani Ancaman COVID-19  |c Ruhaidini Abd Kadir 
246 1 |a Leadership and Security: Confronting the Covid-19 Threat 
264 1 |a Kuala Lumpur :  |b Kementerian Pertahanan Malaysia,  |c 2020 
300 |a 105 pages :  |b colour illustrations, colour photographs ;  |c 20 x 27 cm 
336 |a text  |2 rdacontent 
337 |a unmediated  |2 rdamedia 
338 |a volume  |2 rdacarrier 
600 0 4 |a Ismail Sabri Yaakob,  |d 1960- 
650 0 0 |a Malaysia  |x Politics and government 
650 0 0 |a Government publications  |z Malaysia 
650 0 0 |a Prime ministers  |z Malaysia 
852 1 |a 01 
999 |a H0026850  |b KEMENTAH  |d BOOKS  |e Koleksi Khas  |f Perpustakaan KEMENTAH  |j AVAILABLE  |p 1  |q GOOD CONDITION